000 00289nam a22001337a 4500
003 SGT
082 _aLEV
100 _aLEVINE, DAVID M.
245 _aSTATISTICS FOR MANAGERS USING MICROSOFT EXCEL
250 _a8TH
260 _aPEARSON INDIA
_c2017
300 _a808
942 _2ddc
_cBK
_01
999 _c14281
_d14281